Democracia e integración nacional

Gespeichert in:
Bibliographische Detailangaben
1. Verfasser: Cotler, Julio C
Körperschaft: Instituto de Estudios Peruanos
Format: Text
Veröffentlicht: Lima: Talleres de Industrial Gráfica
Tags: Tag hinzufügen
Keine Tags, Fügen Sie den ersten Tag hinzu!

MARC

LEADER 00000 a a2200000 04500
001 25274
003
040
090 |a 180800  
100 |a Cotler, Julio C  
110 |a Instituto de Estudios Peruanos  
245 |a Democracia e integración nacional  
260 |a Lima:   |b Talleres de Industrial Gráfica  
300 |a 103 p  
999 |c 4711  |d 4711